01994 a2200205 45000010006000000050017000060080041000230030015000640400040000790800057001192450064001760200018002402500012002582640035002703000019003055051385003241000025017097000021017347000033017554656920260407155736.0260407a1980 arg spa dAR-UNSa-BCEJYS aAR-UNSa-BCEJYSbspacAR-UNSa-BCEJYS a658.5xPlanificación y control de la producción 10aAdministración y Dirección Técnica de la producción a968-18-0574-7 a4a. ed. 1aMéxico :bLimusa-Wileyc1980 a671 p.c25 cm. aParte uno: Introducción : 1. Pasado presente de la administración y de la producción las operaciones - 2. Las funciones y la función de producción – 3. El concepto de los sistemas -- Parte dos : Los métodos analíticos : 4. Los métodos analíticos en la administración de producción y las operaciones – 5. Datos de costos para la toma de decisiones – 6. Costos de capital y criterios de inversión – 7. Programación lineal – 8. Líneas de espera - - Parte tres : Diseño de sistemas de producción : 9. Diseño de procesos de producción – 10. Planeación de procesos – 11. Localización de la planta – 12. Distribución de las instalaciones físicas – 13. Diseños de tareas y sistemas hombre-maquina – 14. Normas de producción y medición del trabajo - - Parte cuatro : Planeación y control de las operaciones : 15. Sistemas de inventarios y de producción – 16. Pronósticos e inventarios – 17. Planes y programas agregados – 18. Programación y control de sistemas de alto volumen de producción – 19. Programación y control de sistemas intermitentes – 20. Planeación y control de los proyectos en gran escala – 21. Mantenimiento – 22. Control de calidad - - Parte cinco : Síntesis : 23. Administración de la producción y las operaciones-resumen - - Parte seis : Apéndice – tabla.1 aSuárez, Eduardo L.1 aBuffa, Elwood S.1 aVelazquez Mastretta, Gustavo